000 00588nam a22002057a 4500
003 OSt
005 20260605160303.0
008 260605b |||||||| |||| 00| 0 eng d
020 _a0070725411
040 _cChuka University Library
050 _aTA 407.2
_b.Y6 1989
100 _aYoung Warren
_927413
245 _aRoark's Formulas for Stress and Strain
250 _a6th Ed.
260 _aNew York
_bMcGraw Hill
_c1989
300 _axiv, 763P
_bIllustrations
650 _aStrength of Materials- Tables
_927414
650 _aStrains and Stresses- Tables
_927415
942 _2lcc
_cBK
_n0
999 _c23420
_d23420